000 00281nam a22001337a 4500
008 170406b xxu||||| |||| 00| 0 eng d
020 _a9780807046272
041 _aeng
080 _a575
100 _a0
101 _aSHM
245 _aFLEXIBLE BODIES
_cMARTIN.E
942 _2udc
_cBK
999 _c9941
_d9941